[Event "Cesme op-A 11th"]
[Site "Izmir"]
[Date "2025.06.28"]
[Round "8"]
[White "Buyuk, Eymen Eren"]
[Black "Bauer, Thomas"]
[Result "0-1"]
[WhiteElo "2131"]
[BlackElo "2189"]
[PlyCount "66"]
[EventDate "2025.06.23"]
[EventType "swiss"]
[EventRounds "9"]
[EventCountry "TUR"]
[SourceTitle "CB27_2025"]
[SourceDate "2025.07.02"]
[SourceVersion "1"]
[SourceVersionDate "2025.07.02"]
[SourceQuality "1"]

1. d4 Nf6 2. c4 g6 3. h4 c5 4. d5 b5 5. cxb5 a6 6. e3 Bg7 7. Nc3 0-0 8. a4 d6 9. Be2 axb5 10. Bxb5 Na6 11. Nf3 Bg4 12. 0-0 Nb4 13. Be2 Bf5 14. Ne1 Qc8 15. f3 Bd7 16. e4 Nh5 17. Kh2 f5 18. f4 Nf6 19. Nd3 Nxe4 20. Nxe4 fxe4 21. Nxb4 cxb4 22. Qb3 Bg4 23. Bb5 Qf5 24. Bc6 Rab8 25. Be3 Qh5 26. g3 g5 27. Qc2 gxh4 28. Qxe4 hxg3+ 29. Kxg3 Qh3+ 30. Kf2 Qh2+ 31. Qg2 Rxf4+ 32. Bxf4 Bd4+ 33. Be3 Rf8+ 0-1

[Event "Cesme op-A 11th"]
[Site "Izmir"]
[Date "2025.06.24"]
[Round "2"]
[White "Akkaya, Atakan"]
[Black "Bauer, Thomas"]
[Result "1/2-1/2"]
[WhiteElo "2010"]
[BlackElo "2189"]
[PlyCount "84"]
[EventDate "2025.06.23"]
[EventType "swiss"]
[EventRounds "9"]
[EventCountry "TUR"]
[SourceTitle "CB27_2025"]
[SourceDate "2025.07.02"]
[SourceVersion "1"]
[SourceVersionDate "2025.07.02"]
[SourceQuality "1"]

1. e4 c5 2. Nf3 Nc6 3. Bb5 e5 4. c3 d6 5. d4 Bd7 6. 0-0 Nf6 7. Qe2 Qc7 8. Bg5 Be7 9. Rd1 0-0 10. dxc5 dxc5 11. c4 Bg4 12. Bxc6 bxc6 13. Nc3 Rab8 14. Na4 Kh8 15. h3 Bh5 16. Bxf6 gxf6 17. g4 Qc8 18. Nh4 Rg8 19. Kh2 Bg6 20. b3 Qf8 21. Rd7 f5 22. Nxg6+ fxg6 23. exf5 Re8 24. f4 exf4 25. fxg6 hxg6 26. Qf2 Qf6 27. Rad1 Rgf8 28. Qf3 Qe5 29. R1d2 Bh4 30. Nc3 Qe3 31. R7d3 Qxf3 32. Rxf3 Bf6 33. Kg2 Re3 34. Rd3 Bd4 35. Rdxe3 Bxe3 36. Ne4 Rd8 37. Rf1 Kg7 38. Kf3 Kf7 39. Ke2 Ke7 40. h4 Rd4 41. Kf3 Rd8 42. Rh1 Rg8 1/2-1/2

[Event "Cesme op-A 11th"]
[Site "Izmir"]
[Date "2025.06.23"]
[Round "1"]
[White "Bauer, Thomas"]
[Black "Taspinar, Yanki"]
[Result "0-1"]
[WhiteElo "2189"]
[BlackElo "2321"]
[PlyCount "130"]
[EventDate "2025.06.23"]
[EventType "swiss"]
[EventRounds "9"]
[EventCountry "TUR"]
[SourceTitle "CB27_2025"]
[SourceDate "2025.07.02"]
[SourceVersion "1"]
[SourceVersionDate "2025.07.02"]
[SourceQuality "1"]

1. e4 e5 2. Nf3 Nc6 3. Bc4 Nf6 4. d3 Bc5 5. c3 d6 6. b4 Bb6 7. a4 a5 8. b5 Ne7 9. 0-0 0-0 10. Re1 Ng6 11. Nbd2 Re8 12. h3 Nh5 13. Nf1 Nhf4 14. d4 Qf6 15. Ng3 Bd7 16. Be3 Rad8 17. Ra2 h6 18. Rd2 Bc8 19. d5 Nf8 20. Rc2 g6 21. Nd2 Nd7 22. Nb3 h5 23. Bf1 h4 24. Nh1 Qg5 25. Qg4 Qf6 26. Qd1 Qg5 27. Kh2 Bxe3 28. Rxe3 b6 29. Qe1 Kg7 30. c4 Rh8 31. Rcc3 Rdf8 32. Rf3 Kg8 33. Qe3 Qe7 34. Rc2 Kg7 35. Rd2 Rh6 36. Qc3 Kh7 37. Kg1 Rg8 38. Re3 Qf8 39. Bd3 Qd8 40. Bf1 Qe7 41. f3 Nf8 42. Kf2 Qg5 43. Ke1 Nd7 44. Kd1 f5 45. Kc1 Kh8 46. Kb2 Rh7 47. Ka2 Rf7 48. Nf2 Rgf8 49. Nd1 Nf6 50. c5 bxc5 51. Nxa5 Bd7 52. Nb2 Ra8 53. Re1 Qg3 54. Rc2 fxe4 55. Nc6 N6xd5 56. Qd2 Bxc6 57. Bc4 Nb4+ 58. Kb1 Nxc2 59. Kxc2 d5 60. bxc6 dxc4 61. Nxc4 Qxg2 62. Nxe5 Qxd2+ 63. Kxd2 Re7 64. Rxe4 g5 65. Kc3 Kg7 0-1

[Event "AUT-chT Blitz"]
[Site "Pasching"]
[Date "2025.05.31"]
[Round "1.9"]
[White "Santos Latasa, Jaime"]
[Black "Bauer, Thomas"]
[Result "1-0"]
[WhiteElo "2620"]
[BlackElo "2200"]
[PlyCount "73"]
[EventDate "2025.05.31"]
[EventType "team-swiss (blitz)"]
[EventRounds "13"]
[EventCountry "AUT"]
[SourceTitle "CB23_2025"]
[SourceDate "2025.06.04"]
[SourceVersion "1"]
[SourceVersionDate "2025.06.04"]
[SourceQuality "1"]
[WhiteTeam "JEEG"]
[BlackTeam "Ottakring"]
[WhiteTeamCountry "ESP"]
[BlackTeamCountry "AUT"]

1. Nf3 Nf6 2. c4 c6 3. e3 d5 4. Qc2 g6 5. b3 Bg7 6. Bb2 0-0 7. Be2 Bf5 8. d3 Re8 9. Nbd2 a5 10. a3 Na6 11. 0-0 Rc8 12. Rfd1 h5 13. h3 Qc7 14. Be5 Qb6 15. Rab1 Nd7 16. Bxg7 Kxg7 17. e4 Be6 18. d4 f6 19. Qc3 Bf7 20. b4 axb4 21. axb4 dxc4 22. Bxc4 e6 23. e5 Nc7 24. Ne4 Nd5 25. Qd2 f5 26. Nd6 Qc7 27. Bxd5 exd5 28. Ng5 Be6 29. h4 Nf8 30. Rdc1 Qb6 31. b5 cxb5 32. Nxe6+ Nxe6 33. Nxc8 Qxd4 34. Rc7+ Kg8 35. Qxd4 Nxd4 36. Ne7+ Kf7 37. Nxf5+ 1-0

[Event "Sunway Formentera op 4th"]
[Site "Sant Ferran de ses Roques"]
[Date "2025.05.05"]
[Round "6"]
[White "Huguet Mainar, Sergio"]
[Black "Bauer, Thomas"]
[Result "0-1"]
[WhiteElo "1934"]
[BlackElo "2245"]
[PlyCount "54"]
[EventDate "2025.04.29"]
[EventType "swiss"]
[EventRounds "10"]
[EventCountry "ESP"]
[SourceTitle "CB20_2025"]
[SourceDate "2025.05.14"]
[SourceVersion "1"]
[SourceVersionDate "2025.05.14"]
[SourceQuality "1"]

1. d4 c6 2. e4 d5 3. exd5 cxd5 4. c4 Nf6 5. Nc3 g6 6. Bf4 Bg7 7. c5 0-0 8. Be2 Nc6 9. Nf3 Ne4 10. 0-0 Bf5 11. Bb5 Bg4 12. Bxc6 bxc6 13. Qa4 Bxf3 14. gxf3 e5 15. fxe4 exf4 16. exd5 cxd5 17. Rad1 Re8 18. Kh1 Rb8 19. Rfe1 Re7 20. b3 f3 21. Rxe7 Qxe7 22. Nxd5 Qe2 23. Ne3 Qxf2 24. c6 Qxe3 25. c7 Re8 26. h4 Qe2 27. Rg1 f2 0-1

[Event "Sunway Formentera op 4th"]
[Site "Sant Ferran de ses Roques"]
[Date "2025.04.29"]
[Round "1"]
[White "Bauer, Thomas"]
[Black "Spitz, Patrick"]
[Result "1-0"]
[WhiteElo "2245"]
[BlackElo "1981"]
[PlyCount "65"]
[EventDate "2025.04.29"]
[EventType "swiss"]
[EventRounds "10"]
[EventCountry "ESP"]
[SourceTitle "CB20_2025"]
[SourceDate "2025.05.14"]
[SourceVersion "1"]
[SourceVersionDate "2025.05.14"]
[SourceQuality "1"]

1. e4 d5 2. exd5 Qxd5 3. Nc3 Qa5 4. d4 Nf6 5. Bc4 c6 6. Nf3 Bf5 7. Bd2 e6 8. Nd5 Qd8 9. Nxf6+ gxf6 10. 0-0 Bd6 11. Re1 Qd7 12. Bf1 Qc7 13. c4 Nd7 14. b4 Rg8 15. g3 h5 16. Qb3 0-0-0 17. Bg2 e5 18. c5 Bf8 19. Qxf7 Rg7 20. Qc4 exd4 21. Nxd4 Ne5 22. Qc3 Bg4 23. h3 Bd7 24. Bf4 Re8 25. Nf3 Rge7 26. Nxe5 fxe5 27. Bg5 Rf7 28. Rad1 Bf5 29. Rd2 Rd7 30. Rxd7 Kxd7 31. Qf3 Be6 32. Qxh5 Bd5 33. Rd1 1-0

[Event "Titled Tuesday intern op 25th Mar Early"]
[Site "Chess.com INT"]
[Date "2025.03.25"]
[Round "8"]
[White "Bauer, Thomas"]
[Black "Murawski, Jan"]
[Result "1-0"]
[WhiteElo "2236"]
[BlackElo "2079"]
[PlyCount "85"]
[EventDate "2025.03.25"]
[EventType "swiss (blitz)"]
[EventRounds "11"]
[EventCountry "USA"]
[SourceTitle "CB14_2025"]
[SourceDate "2024.11.01"]
[SourceVersion "1"]
[SourceVersionDate "2024.11.01"]
[SourceQuality "1"]

1. e4 g6 2. c4 Bg7 3. Nc3 c5 4. f4 Nc6 5. Nf3 e6 6. Be2 Nge7 7. 0-0 d5 8. cxd5 exd5 9. e5 0-0 10. d3 d4 11. Ne4 b6 12. Nd6 Be6 13. a3 Nf5 14. Ne4 Na5 15. b4 Nb3 16. Rb1 Nxc1 17. Qxc1 Ne3 18. Rf2 cxb4 19. axb4 Rc8 20. Qb2 Rc2 21. Qxd4 Ng4 22. Bd1 Rc7 23. Rd2 Bh6 24. Nd6 Rd7 25. h3 Nxe5 26. fxe5 Bxd2 27. Nxd2 f6 28. N2e4 Bf5 29. Qc4+ Kh8 30. Bf3 Bxe4 31. Qxe4 fxe5 32. Qxe5+ Qf6 33. Qxf6+ Rxf6 34. Ne4 Rf8 35. Be2 a5 36. bxa5 bxa5 37. Ra1 Ra7 38. Ra4 Rd8 39. Kf2 Kg7 40. Ke3 Ra6 41. g4 h6 42. h4 Kf7 43. d4 1-0

[Event "Titled Tuesday intern op 25th Mar Early"]
[Site "Chess.com INT"]
[Date "2025.03.25"]
[Round "11"]
[White "Bauer, Thomas"]
[Black "Safarullakhan, Safin"]
[Result "1-0"]
[WhiteElo "2236"]
[BlackElo "2076"]
[PlyCount "95"]
[EventDate "2025.03.25"]
[EventType "swiss (blitz)"]
[EventRounds "11"]
[EventCountry "USA"]
[SourceTitle "CB14_2025"]
[SourceDate "2024.11.01"]
[SourceVersion "1"]
[SourceVersionDate "2024.11.01"]
[SourceQuality "1"]

1. e4 c5 2. Nf3 d6 3. d4 cxd4 4. Nxd4 Nf6 5. Nc3 g6 6. Nd5 Bg7 7. Nxf6+ Bxf6 8. c3 Nc6 9. Bh6 Nxd4 10. cxd4 Qa5+ 11. Bd2 Qb6 12. Bc3 0-0 13. Bc4 Be6 14. Bxe6 fxe6 15. 0-0 d5 16. Qd3 Rac8 17. Rad1 Rc4 18. Rfe1 Bg7 19. h4 Qa6 20. a3 b5 21. h5 e5 22. dxe5 dxe4 23. Rxe4 Qb6 24. Rd2 Bh6 25. Rde2 Rd8 26. Qg3 Rxe4 27. Rxe4 Qe6 28. hxg6 hxg6 29. Re1 Qf5 30. e6 Kh7 31. Qh4 g5 32. Qb4 Re8 33. g3 Kg6 34. Kg2 Bg7 35. Bxg7 Kxg7 36. Qd4+ Kg6 37. Re5 Qf6 38. Qe4+ Kg7 39. Rf5 Qh6 40. Rf7+ Kg8 41. Qf5 a6 42. b4 Rd8 43. Rxe7 Rf8 44. Rf7 Re8 45. e7 Qc6+ 46. Kg1 Qc1+ 47. Kh2 Qc6 48. Qh7# 1-0

[Event "Titled Tuesday intern op 25th Mar Early"]
[Site "Chess.com INT"]
[Date "2025.03.25"]
[Round "10"]
[White "Bauer, Thomas"]
[Black "Teh, Wee Zhun"]
[Result "1-0"]
[WhiteElo "2236"]
[BlackElo "2010"]
[PlyCount "81"]
[EventDate "2025.03.25"]
[EventType "swiss (blitz)"]
[EventRounds "11"]
[EventCountry "USA"]
[SourceTitle "CB14_2025"]
[SourceDate "2024.11.01"]
[SourceVersion "1"]
[SourceVersionDate "2024.11.01"]
[SourceQuality "1"]

1. e4 d5 2. exd5 Qxd5 3. Nf3 Bg4 4. Be2 Nc6 5. d4 0-0-0 6. c4 Qf5 7. Be3 Bxf3 8. Bxf3 Nxd4 9. Bxd4 Qe6+ 10. Be2 Qe4 11. 0-0 Qxd4 12. Qa4 e6 13. Nc3 a6 14. Rad1 Qe5 15. Rxd8+ Kxd8 16. g3 Nf6 17. Bf3 c6 18. Rd1+ Kc7 19. Ne2 Bc5 20. Qa5+ Kc8 21. b4 Bd6 22. Qa4 Bc7 23. b5 cxb5 24. cxb5 Qxb5 25. Qc2 Nd5 26. Rb1 Qc6 27. Qb2 b6 28. Qxg7 Rd8 29. Rc1 Qd7 30. Qxh7 f5 31. Qh4 Rg8 32. Nd4 f4 33. Qh6 fxg3 34. hxg3 Re8 35. Bh5 Re7 36. Nc6 Rg7 37. Ne5 Qe7 38. Qh8+ Kb7 39. Nc6 Qg5 40. Re1 Nf4 41. Nd8+ 1-0

[Event "Titled Tuesday intern op 25th Feb Early"]
[Site "Chess.com INT"]
[Date "2025.02.25"]
[Round "4"]
[White "Balaji, Aaravamudhan"]
[Black "Bauer, Thomas"]
[Result "1-0"]
[WhiteElo "2348"]
[BlackElo "2242"]
[PlyCount "81"]
[EventDate "2025.02.25"]
[EventType "swiss (blitz)"]
[EventRounds "11"]
[EventCountry "USA"]
[SourceTitle "CB10_2025"]
[SourceDate "2025.03.05"]
[SourceVersion "1"]
[SourceVersionDate "2025.03.05"]
[SourceQuality "1"]

1. c4 e5 2. h3 Bc5 3. Nc3 a5 4. d3 Ne7 5. g4 d5 6. Bg2 Be6 7. Nf3 f6 8. cxd5 Nxd5 9. Ne4 Bb4+ 10. Kf1 0-0 11. Ng3 Kh8 12. Kg1 Nc6 13. Kh2 a4 14. a3 Bd6 15. Re1 f5 16. gxf5 Bxf5 17. e4 Bxh3 18. Bxh3 Nf4 19. Bxf4 exf4 20. Nf5 g6 21. Nxd6 Qxd6 22. e5 Qd5 23. Re4 b5 24. Qd2 Rad8 25. Rae1 Ne7 26. Rxf4 Qb3 27. Rxf8+ Rxf8 28. Nd4 Qd5 29. Ne6 Rf7 30. Re4 Nf5 31. Nf4 Qc5 32. Bxf5 gxf5 33. Re3 Qe7 34. d4 Qh4+ 35. Rh3 Qg4 36. Qe3 Rg7 37. Rg3 Qh4+ 38. Kg2 c6 39. e6 Qe7 40. Qe5 b4 41. Nh5 1-0

[Event "Titled Tuesday intern op 04th Feb Early"]
[Site "Chess.com INT"]
[Date "2025.02.04"]
[Round "9"]
[White "Ambartsumova, Karina"]
[Black "Bauer, Thomas"]
[Result "1-0"]
[WhiteElo "2405"]
[BlackElo "2242"]
[PlyCount "97"]
[EventDate "2025.02.04"]
[EventType "swiss (blitz)"]
[EventRounds "11"]
[EventCountry "USA"]
[SourceTitle "CB07_2025"]
[SourceDate "2025.02.12"]
[SourceVersion "1"]
[SourceVersionDate "2025.02.12"]
[SourceQuality "1"]

1. Nf3 c5 2. c4 Nf6 3. Nc3 Nc6 4. d4 cxd4 5. Nxd4 e5 6. Nc2 Bc5 7. g3 h5 8. h4 Ng4 9. e3 f5 10. Bg2 d6 11. Nd5 a5 12. Bd2 Be6 13. Qe2 0-0 14. Rd1 a4 15. 0-0 g6 16. Bc3 Kh7 17. f3 Nxe3 18. Ncxe3 f4 19. Kh2 fxe3 20. Nxe3 Bxe3 21. Qxe3 Bxc4 22. Rf2 Bxa2 23. Rfd2 d5 24. Bxe5 Bb3 25. Re1 Nxe5 26. Qxe5 Re8 27. Qxe8 Qxe8 28. Rxe8 Rxe8 29. f4 Kg7 30. Kg1 Re3 31. Kf2 Re7 32. Bf3 Kf6 33. Rd4 Ke6 34. Rb4 Kd6 35. Rb6+ Kc5 36. Rxg6 d4 37. f5 d3 38. f6 Rf7 39. Ke3 Bc2 40. Kd2 Kd6 41. Bxh5 Ke6 42. Bf3 b5 43. Bc6 b4 44. Bb5 Rxf6 45. Bc4+ Ke5 46. Rxf6 Kxf6 47. Bxd3 a3 48. bxa3 bxa3 49. Kxc2 1-0

[Event "Titled Tuesday intern op 04th Feb Late"]
[Site "Chess.com INT"]
[Date "2025.02.04"]
[Round "11"]
[White "Nguyen, Thanh Nghia"]
[Black "Bauer, Thomas"]
[Result "1-0"]
[WhiteElo "2124"]
[BlackElo "2242"]
[PlyCount "87"]
[EventDate "2025.02.04"]
[EventType "swiss (blitz)"]
[EventRounds "11"]
[EventCountry "USA"]
[SourceTitle "CB07_2025"]
[SourceDate "2025.02.12"]
[SourceVersion "1"]
[SourceVersionDate "2025.02.12"]
[SourceQuality "1"]

1. d4 Nf6 2. Bf4 e6 3. e3 c5 4. c3 Nc6 5. Nd2 h6 6. Bd3 d6 7. h3 e5 8. Bh2 cxd4 9. cxd4 exd4 10. exd4 Nxd4 11. Ne2 Ne6 12. 0-0 Be7 13. Ne4 0-0 14. Bc2 d5 15. Nxf6+ Bxf6 16. Qd3 g6 17. Nc3 Nd4 18. Bb3 Bf5 19. Qd2 Nxb3 20. axb3 d4 21. Nb5 a6 22. Nd6 Be6 23. Nxb7 Qb6 24. Nd6 Qxb3 25. Qxh6 d3 26. Ra3 Bg7 27. Rxb3 Bxh6 28. Rxd3 Rfd8 29. Rfd1 Bg7 30. b4 Rd7 31. Bf4 Bf8 32. Ne4 Rxd3 33. Rxd3 Bxb4 34. Nf6+ Kf8 35. Nh7+ Kg7 36. Ng5 Bf5 37. Rb3 a5 38. g4 Bc2 39. Rb2 Rc8 40. Be5+ f6 41. Bd4 Rc6 42. h4 Rd6 43. Rxc2 Rxd4 44. Ne6+ 1-0

[Event "Titled Tuesday intern op 04th Feb Late"]
[Site "Chess.com INT"]
[Date "2025.02.04"]
[Round "3"]
[White "Swara, Lakshmi S Nair"]
[Black "Bauer, Thomas"]
[Result "0-1"]
[WhiteElo "2216"]
[BlackElo "2242"]
[PlyCount "44"]
[EventDate "2025.02.04"]
[EventType "swiss (blitz)"]
[EventRounds "11"]
[EventCountry "USA"]
[SourceTitle "CB07_2025"]
[SourceDate "2025.02.12"]
[SourceVersion "1"]
[SourceVersionDate "2025.02.12"]
[SourceQuality "1"]

1. e4 c5 2. Nf3 Nc6 3. d4 cxd4 4. Nxd4 Nf6 5. Nc3 d6 6. Bg5 g6 7. Bxf6 exf6 8. Bb5 Bd7 9. Qd2 Bg7 10. Nf3 a6 11. Be2 Be6 12. 0-0-0 0-0 13. Qxd6 Qa5 14. Kb1 f5 15. exf5 Bxf5 16. Nd5 Rfd8 17. Ne7+ Nxe7 18. Qxe7 Re8 19. Qxb7 Rab8 20. Qxb8 Rxb8 21. Nd4 Bxd4 22. Rxd4 Qb6 0-1

[Event "Titled Tuesday intern op 28th Jan Early"]
[Site "Chess.com INT"]
[Date "2025.01.28"]
[Round "7"]
[White "Barrionuevo, Pablo"]
[Black "Bauer, Thomas"]
[Result "1-0"]
[WhiteElo "2228"]
[BlackElo "2195"]
[PlyCount "95"]
[EventDate "2025.01.28"]
[EventType "swiss (blitz)"]
[EventRounds "11"]
[EventCountry "USA"]
[SourceTitle "CB06_2025"]
[SourceDate "2025.02.05"]
[SourceVersion "1"]
[SourceVersionDate "2025.02.05"]
[SourceQuality "1"]

1. e4 e6 2. d4 d5 3. Nd2 c5 4. Ngf3 Nc6 5. c3 cxd4 6. cxd4 Bb4 7. e5 Qb6 8. a3 Be7 9. Nb1 Nh6 10. Nc3 Nf5 11. Na4 Qc7 12. g4 Nh4 13. Nxh4 Bxh4 14. Be3 0-0 15. Bd3 f6 16. Qc2 g6 17. exf6 Rxf6 18. g5 Rf7 19. Bxg6 Rg7 20. Bd3 e5 21. dxe5 Qxe5 22. 0-0-0 Bg4 23. Rde1 Rc8 24. Bc5 Qxg5+ 25. Kb1 b6 26. Be3 Qf6 27. Qb3 Bf3 28. Rhg1 Na5 29. Rxg7+ Qxg7 30. Qb4 Bf6 31. Qf4 Bh5 32. Qf5 Qc7 33. Rg1+ Bg6 34. Qxf6 Qxh2 35. Rxg6+ hxg6 36. Qxg6+ Kf8 37. Qf6+ Kg8 38. Qe6+ Kg7 39. Bd4+ Kf8 40. Qxc8+ Kf7 41. Qf5+ Ke7 42. Bf6+ Kd6 43. Nc3 Qh1+ 44. Ka2 Nb7 45. Qe5+ Kc6 46. Bb5+ Kc5 47. Be7+ Nd6 48. Bxd6# 1-0

[Event "Titled Tuesday intern op 28th Jan Early"]
[Site "Chess.com INT"]
[Date "2025.01.28"]
[Round "2"]
[White "Bauer, Thomas"]
[Black "De Winter, Arthur"]
[Result "0-1"]
[WhiteElo "2195"]
[BlackElo "2442"]
[PlyCount "82"]
[EventDate "2025.01.28"]
[EventType "swiss (blitz)"]
[EventRounds "11"]
[EventCountry "USA"]
[SourceTitle "CB06_2025"]
[SourceDate "2025.02.05"]
[SourceVersion "1"]
[SourceVersionDate "2025.02.05"]
[SourceQuality "1"]

1. Nf3 Nf6 2. c4 e6 3. g3 d5 4. Bg2 d4 5. 0-0 Nc6 6. e3 Be7 7. d3 dxe3 8. fxe3 e5 9. Nc3 0-0 10. d4 exd4 11. exd4 Bg4 12. Be3 Re8 13. Bf2 Bb4 14. h3 Bxf3 15. Bxf3 Bxc3 16. bxc3 Ne4 17. Be1 Qg5 18. Qc1 Qg6 19. Qc2 Re7 20. c5 Rae8 21. Qg2 h5 22. a4 Ng5 23. Bd5 Re2 24. Bf2 Qf5 25. g4 hxg4 26. hxg4 Qd3 27. Qg3 Nh3+ 28. Kg2 Nxf2 29. Rxf2 Rxf2+ 30. Qxf2 Re2 31. Bxf7+ Kf8 32. Rf1 Rxf2+ 33. Rxf2 Ke7 34. Bd5 Qxc3 35. Rf7+ Kd8 36. Rxg7 Qxd4 37. Rg8+ Ke7 38. Bf3 Ne5 39. Bxb7 Qxc5 40. g5 Qc2+ 41. Kg3 Qb3+ 0-1

[Event "Titled Tuesday intern op 28th Jan Early"]
[Site "Chess.com INT"]
[Date "2025.01.28"]
[Round "11"]
[White "Bauer, Thomas"]
[Black "Nersisyan, Garnik"]
[Result "1-0"]
[WhiteElo "2195"]
[BlackElo "2035"]
[PlyCount "61"]
[EventDate "2025.01.28"]
[EventType "swiss (blitz)"]
[EventRounds "11"]
[EventCountry "USA"]
[SourceTitle "CB06_2025"]
[SourceDate "2025.02.05"]
[SourceVersion "1"]
[SourceVersionDate "2025.02.05"]
[SourceQuality "1"]

1. Nf3 d5 2. c4 e6 3. g3 Nf6 4. Bg2 b6 5. cxd5 exd5 6. Qa4+ Qd7 7. Qc2 Bb7 8. Ne5 Qd8 9. d4 Bd6 10. 0-0 0-0 11. Nd2 c5 12. e3 Nc6 13. Nxc6 Bxc6 14. Re1 Rc8 15. Qf5 Qd7 16. Qg5 h6 17. Qh4 c4 18. Bh3 Qe7 19. Bxc8 Rxc8 20. Nf3 g5 21. Qxh6 Nh7 22. e4 dxe4 23. Nxg5 Nxg5 24. Bxg5 Qf8 25. Qh3 f6 26. Bxf6 Kf7 27. Qf5 Qe8 28. Be5+ Kg8 29. Qg5+ Kf7 30. Qf6+ Kg8 31. Qg7# 1-0

[Event "Titled Tuesday intern op 28th Jan Early"]
[Site "Chess.com INT"]
[Date "2025.01.28"]
[Round "9"]
[White "Modric, Nesa"]
[Black "Bauer, Thomas"]
[Result "0-1"]
[WhiteElo "2088"]
[BlackElo "2195"]
[PlyCount "88"]
[EventDate "2025.01.28"]
[EventType "swiss (blitz)"]
[EventRounds "11"]
[EventCountry "USA"]
[SourceTitle "CB06_2025"]
[SourceDate "2025.02.05"]
[SourceVersion "1"]
[SourceVersionDate "2025.02.05"]
[SourceQuality "1"]

1. d4 Nf6 2. Bg5 Ne4 3. Bh4 d5 4. Nd2 g5 5. Nxe4 gxh4 6. Nc3 Bf5 7. Nf3 e6 8. e3 Bd6 9. Bd3 Bg4 10. h3 Bh5 11. e4 c6 12. e5 Be7 13. Be2 Rg8 14. 0-0 Qb6 15. Na4 Qc7 16. Nc3 Nd7 17. Nh2 Bg6 18. a3 Bf5 19. Bg4 Bg6 20. b4 Rg7 21. Na4 Kf8 22. Qd2 Kg8 23. f4 Kh8 24. Rae1 Rag8 25. Re2 b5 26. Nc5 Nb6 27. f5 exf5 28. Bxf5 Nc4 29. Qd3 Bg5 30. Ng4 Bh5 31. e6 Qd6 32. exf7 Bxf7 33. Ne6 Bxe6 34. Rxe6 Qc7 35. Rf2 a5 36. Qe2 axb4 37. axb4 Qa7 38. c3 Qa1+ 39. Kh2 Qxc3 40. Nh6 Qg3+ 41. Kh1 Ra7 42. Bg4 Ra1+ 43. Rf1 Bf4 44. Nf7+ Kg7 0-1

[Event "Titled Tuesday intern op 21st Jan Late"]
[Site "Chess.com INT"]
[Date "2025.01.21"]
[Round "4"]
[White "Bauer, Thomas"]
[Black "Dogias, Christos"]
[Result "1-0"]
[WhiteElo "2195"]
[BlackElo "2296"]
[PlyCount "43"]
[EventDate "2025.01.21"]
[EventType "swiss (blitz)"]
[EventRounds "11"]
[EventCountry "USA"]
[SourceTitle "CB05_2025"]
[SourceDate "2025.01.29"]
[SourceVersion "1"]
[SourceVersionDate "2025.01.29"]
[SourceQuality "1"]

1. Nf3 Nf6 2. c4 g6 3. Nc3 Bg7 4. d4 0-0 5. Bg5 d6 6. e3 h6 7. Bh4 g5 8. Bg3 Nh5 9. Nd2 Nxg3 10. hxg3 c5 11. d5 a6 12. a4 Bf5 13. Qb3 Qc7 14. Nce4 Nd7 15. Bd3 Bg6 16. f4 e6 17. fxg5 hxg5 18. Nxg5 exd5 19. Bxg6 fxg6 20. Ne6 Qc6 21. cxd5 Qc8 22. Ne4 1-0

[Event "Titled Tuesday intern op 21st Jan Late"]
[Site "Chess.com INT"]
[Date "2025.01.21"]
[Round "6"]
[White "Ebrahimi Herab, Hamidreza"]
[Black "Bauer, Thomas"]
[Result "1-0"]
[WhiteElo "2412"]
[BlackElo "2195"]
[PlyCount "81"]
[EventDate "2025.01.21"]
[EventType "swiss (blitz)"]
[EventRounds "11"]
[EventCountry "USA"]
[SourceTitle "CB05_2025"]
[SourceDate "2025.01.29"]
[SourceVersion "1"]
[SourceVersionDate "2025.01.29"]
[SourceQuality "1"]

1. d4 Nf6 2. c4 g6 3. Nc3 d5 4. Nf3 Bg7 5. Qb3 dxc4 6. Qxc4 0-0 7. e4 Bg4 8. Be2 Nc6 9. Be3 a6 10. 0-0 Rb8 11. Rfd1 Nd7 12. e5 Nb6 13. Qb3 h6 14. h3 Na5 15. Qa3 Nac4 16. Qb3 Na5 17. Qc2 Bf5 18. Bd3 Bxd3 19. Qxd3 c6 20. e6 f5 21. Bf4 Rc8 22. Be5 Nac4 23. Bxg7 Kxg7 24. Qe2 Rf6 25. b3 Nd6 26. a4 a5 27. Qe5 Qg8 28. Re1 Ra8 29. Qc5 Nbc8 30. d5 Ra6 31. Ne5 cxd5 32. Nxd5 Rxe6 33. Nc7 Rf6 34. Nxa6 bxa6 35. Qxa5 Qxb3 36. Nc6 Nc4 37. Qc5 Rd6 38. Nxe7 Qb6 39. Qxc8 Rd2 40. Qg8+ Kf6 41. Qxg6# 1-0

[Event "Titled Tuesday intern op 21st Jan Late"]
[Site "Chess.com INT"]
[Date "2025.01.21"]
[Round "10"]
[White "Von Naso, Lancelot"]
[Black "Bauer, Thomas"]
[Result "0-1"]
[WhiteElo "2207"]
[BlackElo "2195"]
[PlyCount "42"]
[EventDate "2025.01.21"]
[EventType "swiss (blitz)"]
[EventRounds "11"]
[EventCountry "USA"]
[SourceTitle "CB05_2025"]
[SourceDate "2025.01.29"]
[SourceVersion "1"]
[SourceVersionDate "2025.01.29"]
[SourceQuality "1"]

1. f4 Nh6 2. Nf3 d5 3. g3 Bg4 4. Bg2 e6 5. h3 Bxf3 6. Bxf3 Nf5 7. Kf2 g5 8. d3 Bd6 9. e4 Bc5+ 10. Kg2 Nxg3 11. Kxg3 gxf4+ 12. Kh2 Qh4 13. Rg1 Bxg1+ 14. Qxg1 dxe4 15. dxe4 Nc6 16. Qg4 Ne5 17. Qg2 0-0-0 18. Nc3 Rhg8 19. Qf1 Nxf3+ 20. Qxf3 Rg3 21. Qxf4 Qxh3# 0-1

[Event "Titled Tuesday intern op 21st Jan Late"]
[Site "Chess.com INT"]
[Date "2025.01.21"]
[Round "11"]
[White "Wu, Derek"]
[Black "Bauer, Thomas"]
[Result "0-1"]
[WhiteElo "2232"]
[BlackElo "2195"]
[PlyCount "80"]
[EventDate "2025.01.21"]
[EventType "swiss (blitz)"]
[EventRounds "11"]
[EventCountry "USA"]
[SourceTitle "CB05_2025"]
[SourceDate "2025.01.29"]
[SourceVersion "1"]
[SourceVersionDate "2025.01.29"]
[SourceQuality "1"]

1. e4 e6 2. d4 d5 3. Nd2 Nf6 4. e5 Nfd7 5. Bd3 c5 6. c3 Nc6 7. Ngf3 Qb6 8. 0-0 Be7 9. Re1 a5 10. dxc5 Bxc5 11. Qe2 0-0 12. Nb3 Ncxe5 13. Nxe5 Nxe5 14. Nxc5 Nxd3 15. Nxd3 Bd7 16. Be3 Qc7 17. Bd4 f6 18. f4 Rae8 19. Qd2 Bb5 20. Nc5 e5 21. Bf2 Bc6 22. f5 Rf7 23. Rad1 Kh8 24. Ne6 Qc8 25. Qd3 Ba4 26. Rd2 Rd7 27. Qg3 Bc6 28. h4 g6 29. Nc5 Rg7 30. fxg6 Rxg6 31. Qd3 b6 32. Nb3 Reg8 33. Bxb6 d4 34. Ree2 Qb7 35. h5 Rxg2+ 36. Rxg2 Bxg2 37. Nxa5 Be4+ 38. Kh2 Qg7 39. Qxe4 Qg3+ 40. Kh1 Qg1# 0-1